[Event "AUTO-BEG-497"]
[Site "http://www.queenalice.com/game.php?id=965789"]
[Date "2011.7.28"]
[Round "1"]
[White "hyeda"]
[Black "GleisonCavalcante"]
[Result "0-1"]
[WhiteElo "1290"]
[BlackElo "1401"]

1. e4 e5 2. Nf3 Nc6 3. Bc4 Nf6 4. Nc3 Bb4 5. a3 Bxc3 6. bxc3 Nxe4 7. Ng5 Qxg5 8.
O-O d6 9. d3 Qg6 10. dxe4 Qxe4 11. Bd5 Qa4 0-1

[Event "AUTO-BEG-497"]
[Site "http://www.queenalice.com/game.php?id=965806"]
[Date "2011.7.28"]
[Round "1"]
[White "hyeda"]
[Black "murphyfish"]
[Result "1-0"]
[WhiteElo "1237"]
[BlackElo "1243"]

1. e4 e5 2. Nf3 Nf6 3. Nc3 Bc5 4. d4 d6 5. dxc5 dxc5 6. Bc4 O-O 7. O-O Nbd7 8.
Bg5 a5 9. Nd5 h6 10. Bh4 a4 11. Re1 a3 12. b3 g5 13. Bg3 c6 14. Nxf6+ Nxf6 15.
Bd3 b5 16. Nxe5 c4 17. bxc4 Ng4 18. Nxg4 1-0

[Event "AUTO-BEG-497"]
[Site "http://www.queenalice.com/game.php?id=965807"]
[Date "2011.7.28"]
[Round "1"]
[White "murphyfish"]
[Black "hyeda"]
[Result "0-1"]
[WhiteElo "1223"]
[BlackElo "1261"]

1. e4 e5 2. Nf3 Nc6 3. Bc4 Bc5 4. c3 Nf6 5. O-O d6 6. Nh4 Nxe4 7. Qf3 d5 8. Bb3
Qxh4 9. Bxd5 Ng5 10. Qe2 Bg4 11. g3 Qh3 12. Qc4 Nf3+ 13. Kh1 Qxh2# 0-1

[Event "AUTO-BEG-497"]
[Site "http://www.queenalice.com/game.php?id=965808"]
[Date "2011.7.28"]
[Round "1"]
[White "hyeda"]
[Black "shubhankar"]
[Result "0-1"]
[WhiteElo "1303"]
[BlackElo "1348"]

1. e4 e5 2. Nf3 Nc6 3. Bc4 h6 4. Nc3 a6 5. d3 Nf6 6. O-O Bb4 7. a3 Bxc3 8. bxc3
O-O 9. Rb1 b5 10. Bb3 d6 11. Bd5 Nxd5 12. exd5 Ne7 13. Re1 Bg4 14. Be3 Nxd5 15.
Bd2 Bxf3 16. Qxf3 Nf6 17. Be3 Qd7 18. c4 Rab8 19. c5 c6 20. c3 d5 21. g3 e4 22.
dxe4 Nxe4 23. Bf4 Qf5 24. g4 Ng5 25. Qg3 Ne4 26. Qe3 Qxg4+ 27. Bg3 Rbe8 28. f3
Qg6 29. fxe4 Rxe4 30. Qf3 Rfe8 31. Kh1 Rxe1+ 32. Rxe1 Rxe1+ 33. Bxe1 Qe6 34. Qf1
Qe4+ 35. Kg1 f5 0-1

[Event "AUTO-BEG-497"]
[Site "http://www.queenalice.com/game.php?id=965809"]
[Date "2011.7.28"]
[Round "1"]
[White "shubhankar"]
[Black "hyeda"]
[Result "0-1"]
[WhiteElo "1350"]
[BlackElo "1296"]

1. e4 Nc6 2. d4 Nf6 3. e5 Ne4 4. Nc3 d5 5. Nxe4 dxe4 6. Bb5 Qd5 7. Bxc6+ bxc6 8.
c3 e6 9. f3 exf3 10. Nxf3 Be7 11. Rf1 Ba6 12. Rf2 c5 13. Be3 Qe4 14. Qd2 cxd4
15. Qxd4 Qd5 16. Qxd5 exd5 17. h3 O-O 18. Rd1 Rfd8 19. Rfd2 c6 20. g4 Bb5 21. b4
h6 22. a3 a5 23. Nd4 Ba4 24. Ra1 Bh4+ 25. Kf1 Bg3 26. e6 Ra7 27. Kg2 Bh4 28. Rf1
Re8 29. exf7+ Rxf7 30. Bf2 Bg5 31. Rd3 axb4 32. axb4 Ref8 33. Rd2 Bxd2 0-1

[Event "AUTO-BEG-499"]
[Site "http://www.queenalice.com/game.php?id=968989"]
[Date "2011.8.5"]
[Round "1"]
[White "hyeda"]
[Black "NeeneNY"]
[Result "0-1"]
[WhiteElo "1294"]
[BlackElo "1333"]

1. e4 e5 2. Nf3 d6 3. d4 d5 4. Nxe5 f6 5. Nf3 dxe4 6. Nh4 g5 7. Qh5+ Kd7 8. Nf5
Bb4+ 9. c3 Ba5 10. Bb5+ c6 11. Bc4 b5 12. Bb3 Qe8 13. Qxe8+ Kxe8 14. O-O Bxf5
15. Be3 h5 16. Re1 Ne7 17. Na3 g4 18. Bf4 Nd7 19. Nc2 Nd5 20. Bg3 h4 21. Bd6 Kf7
22. Ne3 Be6 23. Rad1 g3 24. fxg3 h3 25. Re2 f5 26. Bc2 Rag8 27. b3 Bxc3 28. Rf2
Nxe3 29. Re2 Bxd4 30. Rxd4 Nxg2 31. Bc5 Nxc5 32. b4 f4 33. bxc5 f3 34. Rexe4 Bf5
35. Rd7+ Kf6 36. Rd6+ Kg5 37. g4 Bxe4 38. Bxe4 Kxg4 39. Rxc6 Re8 40. Bd3 Re1+
41. Kf2 Rd8 42. Rg6+ Kh5 43. Bf5 Rd2+ 44. Kg3 f2 45. Bg4+ Kxg6 46. Bxh3 Ne3 47.
c6 f1=Q 48. Bxf1 Rxf1 49. c7 Nf5+ 50. Kg4 Rc2 0-1

[Event "AUTO-BEG-499"]
[Site "http://www.queenalice.com/game.php?id=968990"]
[Date "2011.8.5"]
[Round "1"]
[White "NeeneNY"]
[Black "hyeda"]
[Result "1-0"]
[WhiteElo "1297"]
[BlackElo "1261"]

1. e4 c5 2. d3 e5 3. Nf3 Nc6 4. Nc3 Nf6 5. Be2 d6 6. Nd5 Nd4 7. Nxd4 cxd4 8. Bg5
Be6 9. Bxf6 gxf6 10. O-O Qa5 11. Nxf6+ Ke7 12. Ng4 h5 13. c3 hxg4 14. Bxg4 Bxg4
15. Qxg4 Re8 16. b4 Qc7 17. c4 Qb6 18. Rfb1 Bh6 19. a4 Rhg8 20. Qf3 Kd7 21. a5
Qc6 22. b5 Qc8 23. g3 Kd8 24. Qf6+ Re7 25. Qxh6 Qg4 26. b6 axb6 27. a6 Qe2 28.
Qxd6+ Ke8 29. axb7 Rxb7 30. Ra8+ 1-0

[Event "AUTO-BEG-499"]
[Site "http://www.queenalice.com/game.php?id=968991"]
[Date "2011.8.5"]
[Round "1"]
[White "hyeda"]
[Black "Marecki"]
[Result "0-1"]
[WhiteElo "1372"]
[BlackElo "1415"]

1. e4 e5 2. Nf3 Nc6 3. Nc3 Nf6 4. Bc4 Bc5 5. d3 O-O 6. O-O d6 7. Bg5 h6 8. Bh4
a6 9. Nd5 g5 10. Nxg5 Bg4 11. Nf3 Qc8 12. Nxf6+ Kg7 13. Nxg4 Qxg4 14. g3 f5 0-1

[Event "AUTO-BEG-507"]
[Site "http://www.queenalice.com/game.php?id=989502"]
[Date "2011.9.24"]
[Round "1"]
[White "hyeda"]
[Black "Kuroi"]
[Result "0-1"]
[WhiteElo "1309"]
[BlackElo "1556"]

1. e4 e5 2. Nf3 Nf6 3. Nc3 Nc6 4. Bc4 h6 5. Nd5 d6 6. d3 b6 7. Bb5 Bb7 8. Be3
Qd7 9. Qd2 O-O-O 10. Qc3 a6 11. Ba4 b5 12. Bb3 Nxd5 13. exd5 Ne7 14. d4 e4 15.
Nd2 Bxd5 16. Qa5 Kb7 17. c4 bxc4 18. Nxc4 Nc6 19. Qa4 Ka7 20. Bd2 Nxd4 21. Qb4
Rb8 22. Qa3 Bxc4 23. Bxc4 Nc2+ 0-1

[Event "AUTO-BEG-507"]
[Site "http://www.queenalice.com/game.php?id=989503"]
[Date "2011.9.24"]
[Round "1"]
[White "Kuroi"]
[Black "hyeda"]
[Result "1-0"]
[WhiteElo "1549"]
[BlackElo "1316"]

1. e4 e5 2. Nf3 Nc6 3. g3 Nf6 4. Bg2 Nxe4 5. O-O Bc5 6. d3 Nf6 7. Bg5 h6 8. Bd2
d6 9. Nc3 Bg4 10. a3 d5 11. b4 Bb6 12. b5 Nd4 13. h3 Bh5 14. g4 Bg6 15. Nxe5 Bh7
16. a4 Qe7 17. Bf4 g5 18. Bh2 Ba5 19. Qd2 b6 20. Nc6 Nxc6 21. bxc6 d4 22. Rfe1
Be4 23. Bxe4 Nxe4 24. Rxe4 Bxc3 25. Rxe7+ 1-0

[Event "AUTO-BEG-510"]
[Site "http://www.queenalice.com/game.php?id=994908"]
[Date "2011.10.8"]
[Round "1"]
[White "hyeda"]
[Black "robby"]
[Result "0-1"]
[WhiteElo "1281"]
[BlackElo "1495"]

1. d4 d5 2. Nc3 Nf6 3. Nf3 Nc6 4. e3 Ne4 5. Ne5 f6 6. Ng4 f5 7. Ne5 Be6 8. Bb5
a6 9. Ba4 b5 10. Bb3 Qd6 11. f3 Nxc3 12. bxc3 a5 0-1

[Event "AUTO-BEG-510"]
[Site "http://www.queenalice.com/game.php?id=994909"]
[Date "2011.10.8"]
[Round "1"]
[White "robby"]
[Black "hyeda"]
[Result "1-0"]
[WhiteElo "1487"]
[BlackElo "1289"]

1. e4 e5 2. Nf3 Nc6 3. Nc3 Nf6 4. Nd5 Nd4 5. c3 c6 6. cxd4 cxd5 7. Bd3 dxe4 8.
Bxe4 Nxe4 9. dxe5 d6 10. d3 Nc5 11. d4 Ne4 12. exd6 Qxd6 13. O-O 1-0

[Event "AUTO-BEG-510"]
[Site "http://www.queenalice.com/game.php?id=994910"]
[Date "2011.10.8"]
[Round "1"]
[White "hyeda"]
[Black "Buckeyechess635"]
[Result "0-1"]
[WhiteElo "1289"]
[BlackElo "1317"]

1. d4 d5 2. Nc3 e6 3. Nf3 Nf6 4. Ne5 Qe7 5. e3 g6 6. Bb5+ c6 7. Ba4 Bg7 8. Bd2
O-O 9. f3 c5 10. dxc5 Qxc5 11. e4 Bd7 12. Qe2 Nc6 13. Be3 Qd6 14. Ng4 d4 15. Nb5
Qb4+ 16. Bd2 Qxa4 17. b3 Qa6 18. e5 Nxg4 19. Nc7 Qxe2+ 20. Kxe2 Rac8 21. fxg4
Rxc7 22. Rhf1 Nxe5 0-1

[Event "AUTO-BEG-510"]
[Site "http://www.queenalice.com/game.php?id=994911"]
[Date "2011.10.8"]
[Round "1"]
[White "Buckeyechess635"]
[Black "hyeda"]
[Result "1-0"]
[WhiteElo "1288"]
[BlackElo "1316"]

1. e4 e5 2. d4 exd4 3. Qxd4 Nc6 4. Qe3 d6 5. Bc4 Nf6 6. Nf3 Nb4 7. Qb3 c5 8. Bf4
d5 9. exd5 Nbxd5 10. O-O Nxf4 11. Bxf7+ Kd7 12. Rd1+ Bd6 13. Re1 Rf8 14. Bc4 Kc7
15. Nc3 Qd7 16. Rad1 Qc6 17. Nb5+ Kd8 18. Rxd6+ 1-0